Books That Lost a Word II Quiz Stats

 Plays Quiz Updated Nov 8, 2017

Challenge
Share
Tweet
Embed
Score 0/40 Timer 05:00
16 Plays Today
% Correct
Animal
94.3%
Treasure
92.5%
Casino
91.6%
Jurassic
90.1%
Stuart
81.5%
Catching
81.4%
Sematary
81.2%
Angela's
80.6%
Fight
80.3%
Rosemary's
79.4%
Games
78.7%
Vanity
76.9%
New
73.8%
Dear
72.8%
Mystic
72.7%
Psycho
72.2%
Invisible
72%
Troopers
71.7%
Cold
71%
Nobody's
69.6%
% Correct
Fidelity
69%
Cannery
68.4%
Bleak
66.7%
Battlefield
65.7%
Dove
65.5%
Faustus
61.7%
Red
60.6%
Son
59.5%
Being
59.3%
Norwegian
58.4%
Lunch
57.2%
Midnight's
56.3%
Lord
54.3%
Noise
52%
Main
51.1%
Infinite
51.1%
Antonia
50.3%
Brighton
47.5%
Boy
47.1%
Fish
42.4%

You're not logged in!

Compare scores with friends on all Sporcle quizzes.
OR
Log In

You Might Also Like...

Show Comments

Extras

Top Quizzes Today


Score Distribution

Your Account Isn't Verified!

In order to create a playlist on Sporcle, you need to verify the email address you used during registration. Go to your Sporcle Settings to finish the process.

Report this User

Report this user for behavior that violates our Community Guidelines.

Details: